Dictionary of architecture and construction (Record no. 110433)

MARC details
000 -LEADER
fixed length control field 00905cam a2200217 4500
001 - CONTROL NUMBER
control field L149233
008 - FIXED-LENGTH DATA ELEMENTS--GENERAL INFORMATION
fixed length control field 000000n2005 000 0 eng u
020 ## - INTERNATIONAL STANDARD BOOK NUMBER
International Standard Book Number 9780071589017
035 ## - SYSTEM CONTROL NUMBER
System control number (Sirsi) u149233
041 0# - LANGUAGE CODE
Language code of text/sound track or separate title eng
245 ## - TITLE STATEMENT
Title Dictionary of architecture and construction
Medium [electronic resource]
250 ## - EDITION STATEMENT
Edition statement 4th ed.
260 ## - PUBLICATION, DISTRIBUTION, ETC.
Place of publication, distribution, etc. [S.l.]
Name of publisher, distributor, etc. McGraw Hill Professional
Date of publication, distribution, etc. 2005
300 ## - PHYSICAL DESCRIPTION
Extent eBook
520 ## - SUMMARY, ETC.
Summary, etc. This eBook of a reference in architecture offers coverage of architectural and construction terms. This dictionary now features nearly 25,000 definitions (including 2,800 new terms), 2,500 illustrations (including 200 new illustrations).
650 24 - SUBJECT ADDED ENTRY--TOPICAL TERM
Topical term or geographic name entry element EBOOK
690 ## - LOCAL SUBJECT ADDED ENTRY--TOPICAL TERM (OCLC, RLIN)
Topical term or geographic name as entry element BUILDING AND CONSTRUCTION-HANDBOOKS AND REFERENCE
700 1# - ADDED ENTRY--PERSONAL NAME
Personal name Harris, Cyril M
Relator term Editor
856 48 - ELECTRONIC LOCATION AND ACCESS
Uniform Resource Identifier <a href="https://www.vlebooks.com/">https://www.vlebooks.com/</a>
Public note View on VLEbooks. Logins for members only from [email protected]
942 ## - ADDED ENTRY ELEMENTS (KOHA)
Suppress in OPAC 0
Holdings
Withdrawn status Lost status Source of classification or shelving scheme Damaged status Not for loan Home library Current library Shelving location Date acquired Total Checkouts Full call number Barcode Date last seen Copy number Price effective from Koha item type
    Dewey Decimal Classification     Virtual Virtual Online 09/02/2010   EBOOK 149233-2001 06/08/2019 1 06/08/2019 Book